Online Catalogue and eLibrary

Equality of opportunity in employment in Asia : (Record no. 2712)

MARC details
000 -LEADER
fixed length control field 00285nam a2200097Ia 4500
008 - FIXED-LENGTH DATA ELEMENTS--GENERAL INFORMATION
fixed length control field 240331s9999 xx 000 0 und d
082 ## - DDC Classification
Item Number - Author Mark EQU
100 ## - MAIN ENTRY--PERSONAL NAME
Personal name International labour organization. ed
245 #0 - TITLE STATEMENT
Title Equality of opportunity in employment in Asia :
Remainder of title problems and policies
942 ## - Koha item type (Biblio)
Koha item type Books in Stacks (Lending)
Holdings
Lost status Damaged status Collection code Home library Current library Shelving location Date acquired Full call number Accession Number Item type
    Lending WERC Library WERC Library Social Science Cupboard 03/31/2024 331.124 EQU 333 Books in Stacks (Lending)

© WERC Library